The Great Revolution of 1857. (Record no. 551803)
[ view plain ]
| 000 -LEADER | |
|---|---|
| fixed length control field | 00455cam a2200145 4500 |
| 082 00 - DEWEY DECIMAL CLASSIFICATION NUMBER | |
| Classification number | 954.0317 |
| Author Mark | MOI |
| 100 1# - MAIN ENTRY--PERSONAL NAME | |
| Personal name | Haq, S. Moinul |
| 9 (RLIN) | 48954 |
| 245 14 - TITLE STATEMENT | |
| Title | The Great Revolution of 1857. |
| 260 ## - PUBLICATION, DISTRIBUTION, ETC. | |
| Place of publication, distribution, etc. | Karachi, |
| Name of publisher, distributor, etc. | Pakistan Historical Society, |
| Date of publication, distribution, etc. | 1968. |
| 300 ## - PHYSICAL DESCRIPTION | |
| Extent | xxiv, 630, 5 p. |
| Other physical details | illus., fold. map, ports. |
| Dimensions | 23 cm. |
| 490 1# - SERIES STATEMENT | |
| Series statement | Pakistan Historical Society. Publication |
| 526 ## - STUDY PROGRAM INFORMATION NOTE | |
| Program name | 0 |
| Interest level | 0 |
| Reading level | 0 |
| Title point value | 954_031700000000000_MOI |
| 650 ## - SUBJECT ADDED ENTRY--TOPICAL TERM | |
| Topical term or geographic name entry element | MCE |
| 9 (RLIN) | 379 |
| 942 ## - ADDED ENTRY ELEMENTS (KOHA) | |
| Source of classification or shelving scheme | |
| Koha item type | Book |
| Withdrawn status | Lost status | Source of classification or shelving scheme | Damaged status | Not for loan | Permanent Location | Current Location | Date acquired | Total Checkouts | Full call number | Barcode | Date last seen | Price effective from | Koha item type |
|---|---|---|---|---|---|---|---|---|---|---|---|---|---|
| Military College of Engineering (MCE) | Military College of Engineering (MCE) | 12/29/2014 | 954.0317 MOI | MCE-3331 | 12/29/2014 | 12/29/2014 | Book |
